[Event "Rafsanjan op 1st"]
[Site "Rafsanjan"]
[Date "2015.08.11"]
[Round "3"]
[White "Vahdani, Mojtaba"]
[Black "Khademzadeh, M."]
[Result "1-0"]
[WhiteElo "2046"]
[BlackElo "1898"]
[PlyCount "71"]
[EventDate "2015.08.10"]
[EventType "swiss"]
[EventRounds "9"]
[EventCountry "IRI"]
[SourceTitle "EXT 2016"]
[Source "ChessBase"]
[SourceDate "2015.10.08"]
[SourceVersion "1"]
[SourceVersionDate "2015.10.08"]
[SourceQuality "1"]

1. e4 d5 2. exd5 Qxd5 3. Nc3 Qa5 4. Bc4 Nf6 5. d4 c6 6. Nf3 Bg4 7. h3 Bxf3 8. Qxf3 e6 9. 0-0 Bd6 10. Ne4 Nxe4 11. Qxe4 Be7 12. Re1 Nd7 13. Bxe6 fxe6 14. Qxe6 0-0-0 15. Qxe7 Rhe8 16. Qxe8 Rxe8 17. Rxe8+ Kc7 18. Bf4+ Kb6 19. Rae1 Nf6 20. R8e3 Qf5 21. Rb3+ Ka6 22. Ra3+ Kb6 23. Bb8 a5 24. c4 Nd7 25. c5+ Kb5 26. Bc7 a4 27. b3 axb3 28. Rc1 bxa2 29. Rxa2 Kb4 30. Rb2+ Ka3 31. Rxb7 Ka2 32. Ba5 Qf4 33. Rc2+ Ka3 34. Bb4+ Ka4 35. Ra2+ Kb3 36. Bd2+ 1-0